000 00329 a2200121 4500
000 nam a22 7a 4500
005 20260318143336.0
020 _a9788131614228
100 _aRatha, Keshab Chandra
_91115689
245 _aUnderstanding comparative politics: then and now
260 _bRawat Publications
_c2025
942 _cTEXL
999 _c1715702
_d1715702